| 000 | 00344nam a22001457a 4500 | ||
|---|---|---|---|
| 003 | SGT | ||
| 020 | _a9789381587232 | ||
| 082 | _a346.022,KUM | ||
| 100 | _aKUMAR,NARENDER | ||
| 245 | _aTHE INDIAN CONTRACT ACT,1872 | ||
| 260 |
_aFARIDABAD _bALLAHABAD LAW _c2015 |
||
| 300 | _a911 | ||
| 650 | _aTHE INDIAN CONTRACT ACT,1872 | ||
| 942 |
_2ddc _cBK _01 |
||
| 999 |
_c11031 _d11031 |
||